Történelem és eszkatológia
Elmentve itt :
| Szerző: | |
|---|---|
| További közreműködők: | |
| Adatforrás: | Philobibl |
| Dokumentumtípus: | Könyv |
| Nyelv: | magyar |
| Kulcsszavak: | történetfilozófia |
| Megjelent: |
Bp.
Atlantisz K.
1994
|
| Sorozat: | A kútnál
|
| LEADER | 00440nam a2200157 c 4500 | ||
|---|---|---|---|
| 001 | bibDOK00000091 | ||
| 005 | 20200924115635.7 | ||
| 008 | 060518s1994 hu hun | ||
| 100 | 1 | |a Bultmann, Rudolf | |
| 245 | 1 | 0 | |a Történelem és eszkatológia |c Rudolf Bultmann ; [ford. Bánki Dezső] |
| 260 | |a Bp. |b Atlantisz K. |c 1994 | ||
| 300 | |a 185 p. | ||
| 490 | 1 | |a A kútnál | |
| 695 | |a történetfilozófia | ||
| 700 | 1 | |a Bánki Dezső | |
| 830 | 2 | |a A kútnál | |